000 00970njm a22002777a 4500
005 20100901115333.0
006 a|||||r|||||00| 0
007 sd ammalaaahaa
008 100901t xxu||||| |||| 00| 0 eng d
028 _a2392 943
_bMusic India
035 _aGR-03777
040 _aSED
_cSED
100 _aSri Aurobindo
_917891
245 _aSri Aurobindo /
_cby Sri Aurobindo ; music by Arun Amin lyrics by Arun Amin
_h[Sound recording]
260 _aDUM DUM, India
_bMusic India
_c1981
300 _a1 Sound disc [Gramophone Recording] :
_banalog, 33 1/3 rpm
_c12 in. (LP)
_fGramophone Record
500 _aBrief record
500 _aRecord Labels : Music India,Red
505 _aSide-2 (Sunshine friends) (Signor)
600 _2Sri Aurobindo
650 _aMusic India
_xExcerpts
_zIndia
_917892
700 _919099
_aSri Aurobindo
700 _920791
942 _2ddc
_cGR
999 _c47023
_d47023